00439nam a2200181 a 4500001001300000003000900013005001700022008004100039020001000080082001600090100001900106245002100125260003200146300000900178500003500187650001600222700001900238nice12345678IN_TiNIC20260116013026.0070618s2000 lona grp 000 0 eng  ac10000a709.55bBEL aBell, Gertrude aPersian Pictures aLondon bNo Publisherc2000 a253p aincludes index and biblioraphy aArt-Iranian1 aBell, Gertrude